000 00888nam a2200265Ia 4500
003 OSt
005 20220930072722.0
006 a|||||r|||| 00| 0
007 ta
008 220926b |||||||| |||| 00| 0 eng d
024 _a24840
037 _cTheses
040 _aCRL
_cCRL
_beng
041 _2eng
_aeng
100 _aTripathy Chandana
_9530333
110 _aUniversity of Delhi. Faculty of Medical Sciences. Department of Obstetrics and Gynaecology
245 0 _aSerum insulin and lipid profile in normal and hypertensive pregnant women
260 _c1998
300 _a106p.
_ap.
_ccm.
650 _aWOMEN - DISEASES
700 _a Dr Sunita Malik Supervisor
_9530334
700 _aUniversity of Delhi. Faculty of Medical Sciences. Department of Obstetrics and Gynaecology
942 _cDIS
_2CC
999 _c864242
_d864242